000 01108nam a2200289Ia 4500
003 OSt
005 20220918111943.0
006 a|||||r|||| 00| 0
007 ta
008 220915b |||||||| |||| 00| 0 hin d
020 _a8126310960 (hbk)
024 _a62,151
037 _b400, 13/03/2018, Eastern Book Linkers
037 _cTextbook
040 _bhin
_aARTS
_cARTS
041 _ahin
082 _aO152,3N36x, P4
100 _aगिरिराज किशोर, ले.
_911521
245 0 _aयह देह किसकी है?
246 _aYah deh kisakī hai? Hindī vishvakosha
260 _aदिल्ली
_bराजपाल एण्ड सन्ज़ भारत
_c2004
300 _a216पृ0
_ccm.
490 _aलोकोदय ग्रन्थमाला; ग्रन्थांक 495
650 _aहिन्दी कहानी; हिन्दी साहित्य
942 _hO152,3N36x, P4
_cTB
_2CC
999 _c117536
_d117536